Moons of Jupiter - Statistics

General Stats
  • This quiz has been taken 94 times
  • The average score is 33 of 96
Answer Stats
Answer % Correct
Ganymede
92%
Europa
83%
Io
83%
Callisto
67%
Amalthea
58%
S2003 J 2
58%
S2003 J 12
50%
S2003 J 23
50%
S2017 J 1
50%
Thebe
50%
Elara
42%
Himalia
42%
Metis
42%
S2003 J 10
42%
S2003 J 16
42%
S2003 J 18
42%
S2003 J 19
42%
S2003 J 24
42%
S2003 J 4
42%
S2003 J 9
42%
S2010 J1
42%
S2010 J 2
42%
S2011 J 1
42%
S2011 J 2
42%
S2011 J 3
42%
S2016 J 1
42%
S2016 J 3
42%
S2016 J 4
42%
S2017 J 10
42%
S2017 J 11
42%
S2017 J 2
42%
S2017 J 3
42%
S2017 J 5
42%
S2017 J 6
42%
S2017 J 7
42%
S2017 J 9
42%
S2018 J 2
42%
S2018 J 3
42%
S2018 J 4
42%
S2021 J 2
42%
S2021 J 3
42%
S2021 J 4
42%
S2021 J 5
42%
S2021 J 6
42%
S2022 J 1
42%
S2022 J 2
42%
S2022 J 3
42%
Adrastea
33%
Carme
33%
Dia
33%
Kore
33%
Themisto
33%
Aitne
25%
Ananke
25%
Aoede
25%
Arche
25%
Autonoe
25%
Callirrhoe
25%
Carpo
25%
Chaldene
25%
Cyllene
25%
Erinome
25%
Euanthe
25%
Eukelade
25%
Euporie
25%
Eurydome
25%
Harpalyke
25%
Hegemone
25%
Helike
25%
Herse
25%
Iocaste
25%
Leda
25%
Lysithea
25%
Orthosie
25%
Pasiphae
25%
Pasithee
25%
Taygete
25%
Thelxinoe
25%
Eirene
17%
Ersa
17%
Eupheme
17%
Hermippe
17%
Isonoe
17%
Kale
17%
Kallichore
17%
Kalyke
17%
Megaclite
17%
Mneme
17%
Pandia
17%
Philophrosyne
17%
Praxidike
17%
Sinope
17%
Sponde
17%
Thyone
17%
Valetudo
17%
S2017 J 8
0%
No matching quizzes found
Score Distribution
Percent of People with Each Score
Percentile by Number Answered
Your Score History
You have not taken this quiz